000 00506pab a2200181 454500
008 180718b2012 xxu||||| |||| 00| 0 eng d
100 _aRathnam, B. Venkat
245 _aStrengthening a self check mechanism for consolidation of higher education institutions for quality
260 _c2012
300 _ap.18.
362 _a22 Oct
650 _aHigher education
650 _aEducational institutions
650 _aEducational quality
773 _aUniversity News
908 _aN
909 _a97821
999 _c97820
_d97820